[Event "Chess House (Women)"]
[Site "Aarhus"]
[Date "2012.07.15"]
[Round "8"]
[White "Agrest, Inna"]
[Black "Fredericia, Louise Winther"]
[Result "1-0"]
[WhiteElo "2207"]
[BlackElo "2081"]
[PlyCount "61"]
[EventDate "2012.07.07"]
[EventType "tourn"]
[EventRounds "9"]
[EventCountry "DEN"]
[SourceTitle "CBM 149 Extra"]
[Source "ChessBase"]
[SourceDate "2012.08.24"]

1. e4 g6 2. d4 Bg7 3. Nc3 d6 4. Nf3 a6 5. h3 Nd7 6. Be3 b5 7. Bd3 Bb7 8. a4 b4
9. Ne2 c5 10. O-O cxd4 11. Bxd4 Ngf6 12. Ng3 O-O 13. a5 e5 14. Be3 d5 15. exd5
Nxd5 16. Bg5 Bf6 17. Bxf6 Qxf6 18. Be4 Rad8 19. Qc1 Nc5 20. Qh6 Nxe4 21. Nxe4
Qe7 22. Rfe1 f6 23. g3 Rd7 24. h4 f5 25. Neg5 e4 26. h5 Qf6 27. hxg6 hxg6 28.
Nh4 Rg7 29. Kg2 f4 30. Rh1 fxg3 31. Qh8+ 1-0

[Event "Chess House (Women)"]
[Site "Aarhus"]
[Date "2012.07.12"]
[Round "6"]
[White "Agrest, Inna"]
[Black "Jorgensen, Carina Eilegaard"]
[Result "1-0"]
[WhiteElo "2207"]
[BlackElo "2039"]
[PlyCount "91"]
[EventDate "2012.07.07"]
[EventType "tourn"]
[EventRounds "9"]
[EventCountry "DEN"]
[SourceTitle "CBM 149 Extra"]
[Source "ChessBase"]
[SourceDate "2012.08.24"]

1. e4 d6 2. d4 Nf6 3. Nc3 g6 4. Nf3 Bg7 5. Bf4 O-O 6. Qd2 a6 7. Bd3 b5 8. h4
Bb7 9. a3 c5 10. d5 Nbd7 11. Bh6 c4 12. Be2 Nc5 13. Bxg7 Kxg7 14. h5 Ncxe4 15.
Nxe4 Nxe4 16. Qd4+ Nf6 17. hxg6 hxg6 18. g4 e5 19. dxe6 fxe6 20. O-O-O e5 21.
Qxd6 Qxd6 22. Rxd6 Rab8 23. Rhd1 Nxg4 24. Ng5 Bc8 25. Rc6 Nxf2 26. Rdd6 Bf5 27.
Ne6+ Bxe6 28. Rxe6 Rb7 29. Rxg6+ Kh8 30. Rxa6 Rd8 31. Rg2 Rf8 32. Re6 e4 33.
Kd2 Rg7 34. Rh6+ Kg8 35. Rxg7+ Kxg7 36. Rh2 Rd8+ 37. Ke3 Nd1+ 38. Bxd1 Rxd1 39.
Kxe4 Kg6 40. Ke3 Rb1 41. c3 Rd1 42. Ke4 Kg5 43. Rf2 Kg6 44. Ke5 Kg5 45. Rf5+
Kg6 46. Ke6 1-0

[Event "Chess House (Women)"]
[Site "Aarhus"]
[Date "2012.07.10"]
[Round "4"]
[White "Agrest, Inna"]
[Black "Doluhanova, Evgeniya"]
[Result "0-1"]
[WhiteElo "2207"]
[BlackElo "2194"]
[PlyCount "200"]
[EventDate "2012.07.07"]
[EventType "tourn"]
[EventRounds "9"]
[EventCountry "DEN"]
[SourceTitle "CBM 149 Extra"]
[Source "ChessBase"]
[SourceDate "2012.08.24"]

1. e4 c5 2. Nf3 d6 3. d4 cxd4 4. Nxd4 Nf6 5. Nc3 a6 6. Bg5 e6 7. f4 h6 8. Bh4
Qb6 9. a3 Be7 10. Bf2 Qc7 11. Bd3 Bd7 12. Qe2 Nc6 13. Nb3 e5 14. f5 Na5 15. Nd2
b5 16. a4 b4 17. Nd5 Nxd5 18. exd5 b3 19. c3 Bg5 20. Nf3 Nb7 21. h4 Be7 22. Nd2
Nc5 23. Bb1 h5 24. Qc4 O-O 25. Qe2 e4 26. Qxh5 Bf6 27. O-O Rfe8 28. Be3 Re5 29.
Bd4 Rae8 30. Bxe5 Rxe5 31. Nc4 Rxd5 32. Ne3 Rd2 33. Qg4 d5 34. h5 Kf8 35. Qh3
Bg5 36. Ng4 Qb6 37. Kh1 Qd6 38. f6 gxf6 39. h6 Bxg4 40. Qxg4 Bxh6 41. c4 Be3
42. Qh3 d4 43. Qc8+ Kg7 44. Qg4+ Bg5 45. Bxe4 Qd8 46. Rf3 Qe8 47. Bf5 Qe2 48.
Rg1 Rd1 49. Rxd1 Qxd1+ 50. Kh2 Nxa4 51. Qh3 Nxb2 52. Qh7+ Kf8 53. Qh8+ Ke7 54.
Qc8 Qe2 55. Qc5+ Ke8 56. Qc8+ Ke7 57. Qc5+ Ke8 58. Qc6+ Kf8 59. Qd6+ Kg7 60.
Rh3 Qe5+ 61. Qxe5 fxe5 62. Rxb3 Nxc4 63. Bd3 Nd2 64. Rb7 a5 65. Rb5 a4 66. Kh3
Bf6 67. Ra5 Nb3 68. Ra7 Nc5 69. Bc4 d3 70. Rxf7+ Kg6 71. Rc7 d2 72. Be2 Ne6 73.
Rd7 Nf4+ 74. Kg4 Nxe2 75. Rxd2 Nc3 76. Rd6 a3 77. Ra6 a2 78. g3 e4 79. Kf4 Ne2+
80. Kxe4 a1=Q 81. Rxa1 Bxa1 82. Kf3 Nd4+ 83. Kg4 Ne6 84. Kh4 Be5 85. Kg4 Nd4
86. Kh4 Bf6+ 87. Kg4 Bg5 88. Kh3 Kf5 89. Kg2 Kg4 90. Kf2 Bd2 91. Kg2 Be3 92.
Kh2 Nb3 93. Kg2 Nd2 94. Kh2 Bf2 95. Kg2 Be1 96. Kh2 Nf1+ 97. Kg1 Ne3 98. Kh2
Bf2 99. Kh1 Kh3 100. g4 Nf1 0-1

[Event "Chess House (Women)"]
[Site "Aarhus"]
[Date "2012.07.10"]
[Round "4"]
[White "Berg, Susanne"]
[Black "Skytte, Torill"]
[Result "0-1"]
[WhiteElo "2005"]
[BlackElo "1948"]
[PlyCount "114"]
[EventDate "2012.07.07"]
[EventType "tourn"]
[EventRounds "9"]
[EventCountry "DEN"]
[SourceTitle "CBM 149 Extra"]
[Source "ChessBase"]
[SourceDate "2012.08.24"]

1. d4 d5 2. Nf3 e6 3. c4 c5 4. cxd5 exd5 5. Nc3 Nc6 6. g3 Nf6 7. Bg2 Be7 8. O-O
O-O 9. dxc5 Bxc5 10. Na4 Be7 11. Be3 Bf5 12. Rc1 Ng4 13. Bc5 Re8 14. Bxe7 Rxe7
15. Nc5 Rc8 16. Nh4 Be6 17. Qa4 Nf6 18. Rfd1 Qb6 19. Nb3 Bg4 20. Nd4 Nxd4 21.
Rxc8+ Bxc8 22. Qxd4 Qxd4 23. Rxd4 Rxe2 24. Bxd5 Bh3 25. f4 Ng4 26. Ng2 Rxb2 27.
Be4 g6 28. a4 b6 29. Nh4 Rxh2 30. f5 Ra2 31. Bf3 Ra1+ 32. Rd1 Rxd1+ 33. Bxd1
Ne3 34. Be2 Bxf5 35. Kf2 Ng4+ 36. Kf3 Bd7 37. Bd1 Ne5+ 38. Ke4 Nc4 39. Be2 f5+
40. Kd5 Ne3+ 41. Kd4 Ng4 42. Bd1 Kf7 43. Nf3 Kf6 44. Nd2 h5 45. Nf1 g5 46. Kd5
h4 47. gxh4 gxh4 48. Kd6 Bc8 49. Be2 h3 50. Kc7 Be6 51. Kb8 Bb3 52. Kxa7 Bxa4
53. Kxb6 Ke5 54. Bf3 Bc2 55. Kc5 Be4 56. Bd1 Bg2 57. Ng3 h2 0-1

[Event "Chess House (Women)"]
[Site "Aarhus"]
[Date "2012.07.08"]
[Round "2"]
[White "Berg, Susanne"]
[Black "Dalsberg, Sandra de Blecourt"]
[Result "1/2-1/2"]
[WhiteElo "2005"]
[BlackElo "2069"]
[PlyCount "138"]
[EventDate "2012.07.07"]
[EventType "tourn"]
[EventRounds "9"]
[EventCountry "DEN"]
[SourceTitle "CBM 149 Extra"]
[Source "ChessBase"]
[SourceDate "2012.08.24"]

1. e4 e6 2. d4 d5 3. exd5 exd5 4. c4 Bb4+ 5. Nc3 Ne7 6. Nf3 Bg4 7. h3 Bh5 8. a3
Bxc3+ 9. bxc3 Nbc6 10. Bd3 dxc4 11. Bxc4 O-O 12. O-O Nd5 13. Qd3 Bg6 14. Qd2
Na5 15. Ba2 b5 16. Ne5 Bf5 17. g4 Be6 18. f4 f6 19. Nf3 Nc4 20. Qd3 Kh8 21. Bb1
Bg8 22. Ra2 Qd7 23. Nh4 Rfe8 24. Qg3 g6 25. Ng2 f5 26. h4 Be6 27. h5 fxg4 28.
hxg6 Bf5 29. Bxf5 Qxf5 30. Nh4 Qe4 31. f5 Nce3 32. Bxe3 Nxe3 33. g7+ Kg8 34.
Re1 Nxf5 35. Rxe4 Nxg3 36. Rxg4 Re4 37. Rxe4 Nxe4 38. Re2 Re8 39. Rg2 Nd6 40.
Rg5 a6 41. a4 Re7 42. axb5 axb5 43. Nf5 Nxf5 44. Rxf5 Rxg7+ 45. Kh2 c6 46. d5
cxd5 47. Rxd5 Rb7 48. Rc5 Kf7 49. Rh5 Kg6 50. Rc5 Rb6 51. Kh3 Kf6 52. Rh5 Rb7
53. Rc5 Ke6 54. Kg4 Kd6 55. Rh5 Kc6 56. Kf4 Re7 57. Kf3 Kb6 58. Kf2 Rc7 59. Rh3
Kc5 60. Ke3 Rd7 61. Rh4 Kb6 62. Rh5 Kc6 63. Rh6+ Kd5 64. Rh4 Rg7 65. Kd3 Rg3+
66. Kd2 Rg7 67. Kd3 Rg3+ 68. Kd2 Rg7 69. Kd3 Ke5 1/2-1/2

[Event "Chess House (Women)"]
[Site "Aarhus"]
[Date "2012.07.15"]
[Round "8"]
[White "Dalsberg, Sandra de Blecourt"]
[Black "Jorgensen, Carina Eilegaard"]
[Result "1-0"]
[WhiteElo "2069"]
[BlackElo "2039"]
[PlyCount "93"]
[EventDate "2012.07.07"]
[EventType "tourn"]
[EventRounds "9"]
[EventCountry "DEN"]
[SourceTitle "CBM 149 Extra"]
[Source "ChessBase"]
[SourceDate "2012.08.24"]

1. d4 Nf6 2. c4 g6 3. Nc3 d5 4. cxd5 Nxd5 5. Bd2 Bg7 6. e4 Nxc3 7. Bxc3 c5 8.
d5 O-O 9. Bxg7 Kxg7 10. Qd2 Qd6 11. Nf3 Nd7 12. Be2 Kg8 13. O-O f5 14. Qh6 fxe4
15. Ng5 Nf6 16. Rac1 a6 17. f3 e3 18. Rc4 e6 19. Rh4 Qe7 20. dxe6 b5 21. f4
Bxe6 22. Nxe6 Qxe6 23. f5 gxf5 24. Rh5 Qe7 25. Rhxf5 Nd7 26. Rxf8+ Rxf8 27.
Rxf8+ Nxf8 28. Qxa6 b4 29. Qc4+ Kg7 30. h4 Qf6 31. Qg4+ Ng6 32. h5 Qf2+ 33. Kh2
Qf4+ 34. Kh3 Qxg4+ 35. Kxg4 c4 36. Kf3 c3 37. bxc3 bxc3 38. Kxe3 Nf4 39. Bd1 c2
40. Bxc2 Nxh5 41. a4 Nf6 42. a5 Nd5+ 43. Kd4 Nc7 44. Kc5 h5 45. Bd3 Kf7 46. Kc6
Ne8 47. a6 1-0

[Event "Chess House (Women)"]
[Site "Aarhus"]
[Date "2012.07.15"]
[Round "8"]
[White "Doluhanova, Evgeniya"]
[Black "Skytte, Torill"]
[Result "1-0"]
[WhiteElo "2194"]
[BlackElo "1948"]
[PlyCount "79"]
[EventDate "2012.07.07"]
[EventType "tourn"]
[EventRounds "9"]
[EventCountry "DEN"]
[SourceTitle "CBM 149 Extra"]
[Source "ChessBase"]
[SourceDate "2012.08.24"]

1. e4 e6 2. d4 d5 3. Nc3 Nf6 4. Bg5 Be7 5. e5 Nfd7 6. Bxe7 Qxe7 7. f4 O-O 8.
Nf3 c5 9. dxc5 Nc6 10. Bd3 f6 11. Qe2 Nxc5 12. O-O-O a6 13. Rhf1 b5 14. exf6
Qxf6 15. Ng5 Nxd3+ 16. Qxd3 Qf5 17. Qxf5 Rxf5 18. g4 Rf8 19. Rde1 b4 20. Na4
Nd8 21. Nc5 Re8 22. Rf2 Ra7 23. f5 e5 24. Rd2 h6 25. Nf3 e4 26. Rxd5 e3 27. Re5
Rae7 28. R1xe3 Kf7 29. Rxe7+ Rxe7 30. Rxe7+ Kxe7 31. Kd2 a5 32. Ke3 Kd6 33. Kd4
Nc6+ 34. Kc4 Ne5+ 35. Nxe5 Kxe5 36. h3 Kf4 37. Ne6+ Kg3 38. Nxg7 Ba6+ 39. Kd4
b3 40. axb3 1-0

[Event "Chess House (Women)"]
[Site "Aarhus"]
[Date "2012.07.12"]
[Round "6"]
[White "Doluhanova, Evgeniya"]
[Black "Dalsberg, Sandra de Blecourt"]
[Result "1-0"]
[WhiteElo "2194"]
[BlackElo "2069"]
[PlyCount "97"]
[EventDate "2012.07.07"]
[EventType "tourn"]
[EventRounds "9"]
[EventCountry "DEN"]
[SourceTitle "CBM 149 Extra"]
[Source "ChessBase"]
[SourceDate "2012.08.24"]

1. e4 e6 2. d4 d5 3. Nc3 Nf6 4. Bg5 Be7 5. e5 Nfd7 6. Bxe7 Qxe7 7. f4 a6 8. Nf3
c5 9. dxc5 Qxc5 10. Qd2 Nc6 11. Bd3 Nb6 12. a3 Bd7 13. b4 Qe7 14. Qf2 Qd8 15.
O-O Rc8 16. Ne2 Ne7 17. Ned4 Nc4 18. Bxc4 Rxc4 19. Nd2 Rc3 20. N2b3 Bb5 21.
Rfe1 Qc8 22. Re3 O-O 23. Rae1 Nf5 24. Nxf5 exf5 25. Nd4 Bd7 26. Qd2 Rc4 27. c3
Qc7 28. Rg3 Be6 29. Ree3 Rc8 30. h3 Qd7 31. Qd1 a5 32. Kh2 axb4 33. axb4 Ra8
34. Qh5 Ra3 35. Rxg7+ Kxg7 36. Rg3+ Kf8 37. Qh6+ Ke7 38. Rg8 Qc8 39. Qf6+ Kd7
40. Rxc8 Kxc8 41. Nxe6 fxe6 42. Qxe6+ Kb8 43. Qxd5 Re4 44. b5 Rxc3 45. b6 Ree3
46. e6 Kc8 47. Qd7+ Kb8 48. Qd6+ Kc8 49. Qf8# 1-0

[Event "Chess House (Women)"]
[Site "Aarhus"]
[Date "2012.07.08"]
[Round "2"]
[White "Fredericia, Louise Winther"]
[Black "Jorgensen, Carina Eilegaard"]
[Result "1-0"]
[WhiteElo "2081"]
[BlackElo "2039"]
[PlyCount "43"]
[EventDate "2012.07.07"]
[EventType "tourn"]
[EventRounds "9"]
[EventCountry "DEN"]
[SourceTitle "CBM 149 Extra"]
[Source "ChessBase"]
[SourceDate "2012.08.24"]

1. e4 g6 2. Nc3 Bg7 3. f4 e6 4. Bc4 Ne7 5. Qf3 O-O 6. Nge2 b6 7. f5 Nec6 8. Bb3
Bb7 9. O-O Nd4 10. Qf2 Nxb3 11. axb3 d6 12. f6 Bh8 13. d3 Nd7 14. Bg5 Re8 15.
Qh4 d5 16. Rf3 h5 17. Raf1 Ne5 18. Rh3 Ng4 19. Ng3 dxe4 20. Nxh5 Qd4+ 21. Kh1
gxh5 22. Qxh5 1-0

[Event "Chess House (Women)"]
[Site "Aarhus"]
[Date "2012.07.15"]
[Round "8"]
[White "Kirsanova, Ekaterina"]
[Black "Berg, Susanne"]
[Result "1-0"]
[WhiteElo "2159"]
[BlackElo "2005"]
[PlyCount "75"]
[EventDate "2012.07.07"]
[EventType "tourn"]
[EventRounds "9"]
[EventCountry "DEN"]
[SourceTitle "CBM 149 Extra"]
[Source "ChessBase"]
[SourceDate "2012.08.24"]

1. d4 d5 2. Nf3 c5 3. e3 Nc6 4. b3 Bg4 5. Bb2 cxd4 6. exd4 e6 7. Bd3 Bb4+ 8. c3
Bd6 9. O-O Qf6 10. Nbd2 Nge7 11. Re1 Ng6 12. c4 Kf8 13. a3 Nf4 14. Bf1 h5 15.
h3 Ne7 16. Ne5 Bxe5 17. dxe5 Qg5 18. Nf3 Nxh3+ 19. Kh2 Qf4+ 20. g3 Nxf2 21.
gxf4 Nxd1 22. Rexd1 Bxf3 23. Rd2 g6 24. c5 Kg7 25. b4 Rhc8 26. Bd4 Nf5 27. Bf2
a5 28. b5 d4 29. Rc1 Ne3 30. Bh3 Ng4+ 31. Kg3 Nxf2 32. Kxf2 Bg4 33. Bg2 Rc7 34.
Rxd4 Rac8 35. c6 bxc6 36. Bxc6 h4 37. Rd6 Rb7 38. Rg1 1-0

[Event "Chess House (Women)"]
[Site "Aarhus"]
[Date "2012.07.12"]
[Round "6"]
[White "Kirsanova, Ekaterina"]
[Black "Skytte, Torill"]
[Result "1-0"]
[WhiteElo "2159"]
[BlackElo "1948"]
[PlyCount "77"]
[EventDate "2012.07.07"]
[EventType "tourn"]
[EventRounds "9"]
[EventCountry "DEN"]
[SourceTitle "CBM 149 Extra"]
[Source "ChessBase"]
[SourceDate "2012.08.24"]

1. d4 d5 2. Nf3 e6 3. e3 c5 4. b3 Nc6 5. Bb2 Nf6 6. Bd3 Be7 7. O-O O-O 8. Nbd2
a6 9. c4 Rb8 10. cxd5 exd5 11. dxc5 Bxc5 12. Bxf6 Qxf6 13. Bxh7+ Kxh7 14. Qc2+
Qg6 15. Qxc5 Bh3 16. Ne1 Rbd8 17. Ndf3 Rh8 18. Rd1 Be6 19. Nd3 Kg8 20. Nf4 Qf5
21. Nxe6 Qxe6 22. Nd4 Qe5 23. h3 Rh5 24. Nxc6 bxc6 25. Qd4 Qg5 26. f4 Qg6 27.
Qd3 f5 28. Rf3 Qh6 29. Qxa6 g5 30. Rc1 Rd6 31. Qc8+ Kg7 32. Qxf5 g4 33. Qxg4+
Rg6 34. Qd7+ Kh8 35. Kh2 Rh4 36. Qe8+ Kh7 37. Rg3 Rhg4 38. Rxg4 Rxg4 39. Rxc6
1-0

[Event "Chess House (Women)"]
[Site "Aarhus"]
[Date "2012.07.08"]
[Round "2"]
[White "Kirsanova, Ekaterina"]
[Black "Agrest, Inna"]
[Result "1-0"]
[WhiteElo "2159"]
[BlackElo "2207"]
[PlyCount "73"]
[EventDate "2012.07.07"]
[EventType "tourn"]
[EventRounds "9"]
[EventCountry "DEN"]
[SourceTitle "CBM 149 Extra"]
[Source "ChessBase"]
[SourceDate "2012.08.24"]

1. c4 g6 2. Nf3 Bg7 3. g3 Nf6 4. Bg2 d6 5. Nc3 O-O 6. O-O Nbd7 7. d3 e5 8. Rb1
Re8 9. Qc2 Nf8 10. b4 Bd7 11. b5 Qc8 12. Nd5 Nh5 13. a4 c6 14. bxc6 bxc6 15.
Nc3 Bh3 16. Ba3 Rd8 17. Bxh3 Qxh3 18. Rb7 Ne6 19. Rfb1 f5 20. Qc1 Qg4 21. Re7
Nd4 22. Rbb7 f4 23. Nxd4 exd4 24. Ne4 Be5 25. f3 Qh3 26. Ng5 Qf5 27. Nf7 Bg7
28. g4 Qf6 29. Nxd8 Rxd8 30. gxh5 Bf8 31. Rf7 Qg5+ 32. Kh1 Bh6 33. hxg6 hxg6
34. Qg1 Qh5 35. Qg4 Qxg4 36. fxg4 Bf8 37. Kg2 1-0

[Event "Chess House (Women)"]
[Site "Aarhus"]
[Date "2012.07.10"]
[Round "4"]
[White "Kirsanova, Ekaterina"]
[Black "Dalsberg, Sandra de Blecourt"]
[Result "1/2-1/2"]
[WhiteElo "2159"]
[BlackElo "2069"]
[PlyCount "89"]
[EventDate "2012.07.07"]
[EventType "tourn"]
[EventRounds "9"]
[EventCountry "DEN"]
[SourceTitle "CBM 149 Extra"]
[Source "ChessBase"]
[SourceDate "2012.08.24"]

1. c4 e6 2. Nc3 d5 3. d4 Nf6 4. cxd5 exd5 5. Bg5 c6 6. Qc2 Be7 7. e3 Nbd7 8.
Bd3 Nh5 9. Bxe7 Qxe7 10. Nge2 g6 11. g4 Nhf6 12. Rg1 Nb6 13. h3 Bd7 14. O-O-O
O-O-O 15. Ng3 Kb8 16. Rge1 h5 17. g5 Ne8 18. h4 Bg4 19. Be2 Nd6 20. Kb1 Bxe2
21. Rxe2 f5 22. f3 Ndc4 23. e4 dxe4 24. fxe4 f4 25. Nf1 c5 26. Nd5 Qd6 27. Nxb6
Nxb6 28. d5 Nd7 29. Nd2 Ne5 30. Nc4 Nxc4 31. Qxc4 Rde8 32. e5 Rxe5 33. Qxf4 Re6
34. Rf2 Qxf4 35. Rxf4 Rd6 36. Rf7 Rhd8 37. Re1 Kc8 38. Ree7 R8d7 39. Rf8+ Kc7
40. Re6 Rxd5 41. Rxg6 Rd1+ 42. Kc2 R1d2+ 43. Kc1 Rd1+ 44. Kc2 R1d2+ 45. Kc1
1/2-1/2

[Event "Chess House (Women)"]
[Site "Aarhus"]
[Date "2012.07.08"]
[Round "2"]
[White "Krasenkova, Ilena"]
[Black "Skytte, Torill"]
[Result "1-0"]
[WhiteElo "2132"]
[BlackElo "1948"]
[PlyCount "115"]
[EventDate "2012.07.07"]
[EventType "tourn"]
[EventRounds "9"]
[EventCountry "DEN"]
[SourceTitle "CBM 149 Extra"]
[Source "ChessBase"]
[SourceDate "2012.08.24"]

1. d4 d5 2. Nf3 e6 3. c4 c5 4. cxd5 exd5 5. Nc3 Nc6 6. g3 Nf6 7. Bg2 Be7 8. O-O
O-O 9. dxc5 Bxc5 10. Bg5 d4 11. Na4 Be7 12. Rc1 Re8 13. a3 Ne4 14. Bxe7 Rxe7
15. Nh4 Qd6 16. Qd3 Nf6 17. Rfd1 Bg4 18. f3 Be6 19. Nc5 Rd8 20. f4 Bg4 21. Nxb7
Rxb7 22. Rxc6 Qe7 23. Rc2 Rb6 24. h3 Bc8 25. Nf5 Qd7 26. Qxd4 Re8 27. Qxd7 Bxd7
28. Nd6 Reb8 29. Nc4 Rb3 30. Kf2 Ba4 31. Rcd2 g6 32. Rd8+ Kg7 33. Rxb8 Rxb8 34.
Rd4 Bb3 35. Nd2 Be6 36. b4 a5 37. e4 axb4 38. axb4 Rc8 39. e5 Nd7 40. b5 Rc2
41. g4 Nc5 42. Kg3 Bd7 43. b6 Rb2 44. Rd6 Bb5 45. f5 gxf5 46. gxf5 Bd3 47. f6+
Kh6 48. Rd5 Rxd2 49. Rxc5 Rb2 50. b7 Ba6 51. Rc7 Rb3+ 52. Kf4 Rb4+ 53. Ke3 Kg5
54. Rxf7 Kf5 55. Re7 Rb3+ 56. Kd4 Rd3+ 57. Kc5 Rd8 58. f7 1-0

[Event "Chess House (Women)"]
[Site "Aarhus"]
[Date "2012.07.10"]
[Round "4"]
[White "Krasenkova, Ilena"]
[Black "Fredericia, Louise Winther"]
[Result "1-0"]
[WhiteElo "2132"]
[BlackElo "2081"]
[PlyCount "36"]
[EventDate "2012.07.07"]
[EventType "tourn"]
[EventRounds "9"]
[EventCountry "DEN"]
[SourceTitle "CBM 149 Extra"]
[Source "ChessBase"]
[SourceDate "2012.08.24"]

1. d4 Nf6 2. c4 c5 3. d5 b5 4. cxb5 a6 5. bxa6 Bxa6 6. Nc3 g6 7. e4 Bxf1 8.
Kxf1 d6 9. g3 Bg7 10. Kg2 O-O 11. f4 Nbd7 12. Nf3 Qc7 13. Re1 e6 14. dxe6 fxe6
15. Nb5 Qc6 16. Nxd6 Ra6 17. e5 Ng4 18. Ne4 Qa8 1-0

[Event "Chess House (Women)"]
[Site "Aarhus"]
[Date "2012.07.15"]
[Round "8"]
[White "Krasenkova, Ilena"]
[Black "Zhang, Fan"]
[Result "1/2-1/2"]
[WhiteElo "2132"]
[BlackElo "2087"]
[PlyCount "83"]
[EventDate "2012.07.07"]
[EventType "tourn"]
[EventRounds "9"]
[EventCountry "DEN"]
[SourceTitle "CBM 149 Extra"]
[Source "ChessBase"]
[SourceDate "2012.08.24"]

1. d4 Nf6 2. c4 e6 3. g3 d5 4. Nf3 Be7 5. Bg2 O-O 6. O-O dxc4 7. Ne5 Nd5 8.
Nxc4 c5 9. e4 Nf6 10. d5 exd5 11. exd5 Re8 12. Nc3 a6 13. a4 Nbd7 14. a5 Bf8
15. Bf4 b5 16. axb6 Nxb6 17. Na5 Bd6 18. Bg5 Bf5 19. Nb7 Qc7 20. Nxd6 Qxd6 21.
Bf4 Qd7 22. Qb3 Nc8 23. Qc4 Nd6 24. Qxc5 Nde4 25. Nxe4 Bxe4 26. Rfd1 Bxg2 27.
Kxg2 Re2 28. Qc6 Qd8 29. Rxa6 Rc8 30. Qb7 Ne4 31. Rf1 Nc5 32. Qxc8 Qxc8 33. Rc6
Qf5 34. Rxc5 Rxb2 35. Re1 h6 36. Re5 Qd3 37. d6 Rb1 38. Kh3 Qf1+ 39. Kg4 Qd1+
40. Kh3 Qf1+ 41. Kg4 Qd1+ 42. Kh4 1/2-1/2

[Event "Chess House (Women)"]
[Site "Aarhus"]
[Date "2012.07.12"]
[Round "6"]
[White "Krasenkova, Ilena"]
[Black "Berg, Susanne"]
[Result "1-0"]
[WhiteElo "2132"]
[BlackElo "2005"]
[PlyCount "87"]
[EventDate "2012.07.07"]
[EventType "tourn"]
[EventRounds "9"]
[EventCountry "DEN"]
[SourceTitle "CBM 149 Extra"]
[Source "ChessBase"]
[SourceDate "2012.08.24"]

1. c4 e6 2. g3 d5 3. Bg2 c5 4. Nf3 Nc6 5. O-O d4 6. d3 Be7 7. e3 Nf6 8. exd4
cxd4 9. a3 a5 10. b3 O-O 11. Re1 Nd7 12. Ra2 Nc5 13. Rb2 Bd7 14. Qe2 f6 15. Bd2
Na6 16. Rd1 e5 17. Ne1 Bd6 18. Nc2 Qe7 19. Re1 Rfe8 20. Bd5+ Be6 21. Qf3 Qd7
22. b4 axb4 23. axb4 Nc7 24. Be4 Bg4 25. Qh1 f5 26. Bg2 f4 27. c5 Bf8 28. b5
Na5 29. c6 bxc6 30. Bxa5 Rxa5 31. Bxc6 Qd6 32. Bxe8 Nxe8 33. Qe4 fxg3 34. Qxg4
gxf2+ 35. Kxf2 Ra7 36. Nd2 Rf7+ 37. Kg1 Rf4 38. Qg2 Nf6 39. Ne4 Qe6 40. Nxf6+
Qxf6 41. b6 Bd6 42. b7 Bb8 43. Nb4 h5 44. Nd5 1-0

[Event "Chess House (Women)"]
[Site "Aarhus"]
[Date "2012.07.10"]
[Round "4"]
[White "Zhang, Fan"]
[Black "Jorgensen, Carina Eilegaard"]
[Result "1-0"]
[WhiteElo "2087"]
[BlackElo "2039"]
[PlyCount "87"]
[EventDate "2012.07.07"]
[EventType "tourn"]
[EventRounds "9"]
[EventCountry "DEN"]
[SourceTitle "CBM 149 Extra"]
[Source "ChessBase"]
[SourceDate "2012.08.24"]

1. d4 Nf6 2. Nf3 e6 3. Bg5 c5 4. c3 b6 5. e3 Bb7 6. Nbd2 h6 7. Bh4 Be7 8. h3
O-O 9. Bd3 d5 10. O-O Ba6 11. Bxa6 Nxa6 12. Ne5 Qc7 13. Ndf3 Qb7 14. Re1 b5 15.
dxc5 Nxc5 16. Nd4 g5 17. Bg3 Nfe4 18. Bh2 Bd6 19. Qe2 a6 20. Rad1 Rac8 21. a3
Qc7 22. Ng4 Kg7 23. Bxd6 Qxd6 24. Nh2 f5 25. Qc2 f4 26. f3 Ng3 27. exf4 Rxf4
28. b4 e5 29. bxc5 Qxc5 30. Qf2 exd4 31. cxd4 Qxa3 32. Qxg3 Rc2 33. h4 Kg6 34.
hxg5 hxg5 35. Re6+ Kf7 36. Qxg5 Kxe6 37. Qxf4 Qa2 38. Re1+ Re2 39. Qh6+ Ke7 40.
Qg7+ Kd6 41. Qf6+ Kd7 42. Qg7+ Kd8 43. Rc1 Re7 44. Qf8+ 1-0

[Event "Chess House (Women)"]
[Site "Aarhus"]
[Date "2012.07.12"]
[Round "6"]
[White "Zhang, Fan"]
[Black "Fredericia, Louise Winther"]
[Result "1/2-1/2"]
[WhiteElo "2087"]
[BlackElo "2081"]
[PlyCount "105"]
[EventDate "2012.07.07"]
[EventType "tourn"]
[EventRounds "9"]
[EventCountry "DEN"]
[SourceTitle "CBM 149 Extra"]
[Source "ChessBase"]
[SourceDate "2012.08.24"]

1. d4 Nf6 2. c4 g6 3. Nc3 Bg7 4. Nf3 O-O 5. e4 d6 6. Be2 c5 7. O-O cxd4 8. Nxd4
Nc6 9. Be3 Nxd4 10. Bxd4 Bd7 11. Rc1 Bc6 12. Bf3 Qa5 13. Re1 Nd7 14. Nd5 Bxd5
15. exd5 Bxd4 16. Qxd4 Rfe8 17. a3 Rac8 18. Bg4 Rc7 19. f4 Qc5 20. Qf2 Qxf2+
21. Kxf2 Nc5 22. Rc3 a5 23. b4 axb4 24. axb4 Na6 25. b5 f5 26. bxa6 fxg4 27.
axb7 Rxb7 28. c5 dxc5 29. Rxc5 Ra8 30. Re2 Kf7 31. Kg3 h5 32. Kh4 Ra6 33. Rc6
Ra4 34. g3 Rd4 35. h3 gxh3 36. Kxh3 Rd1 37. Kg2 Rxd5 38. Rce6 Rbd7 39. Kf3 Rd3+
40. Kf2 Rd2 41. R6e5 Rxe2+ 42. Kxe2 e6 43. Ra5 Rd5 44. Ra8 g5 45. Rh8 g4 46.
Ke3 Rb5 47. Rh6 Rf5 48. Ke4 Ke7 49. Rh7+ Kd6 50. Rh8 Ra5 51. Rd8+ Ke7 52. Rh8
Kf7 53. Rh6 1/2-1/2

[Event "Chess House (Women)"]
[Site "Aarhus"]
[Date "2012.07.08"]
[Round "2"]
[White "Zhang, Fan"]
[Black "Doluhanova, Evgeniya"]
[Result "1/2-1/2"]
[WhiteElo "2087"]
[BlackElo "2194"]
[PlyCount "72"]
[EventDate "2012.07.07"]
[EventType "tourn"]
[EventRounds "9"]
[EventCountry "DEN"]
[SourceTitle "CBM 149 Extra"]
[Source "ChessBase"]
[SourceDate "2012.08.24"]

1. d4 Nf6 2. c4 g6 3. Nc3 Bg7 4. Nf3 O-O 5. Bg5 h6 6. Bh4 d6 7. e3 Bf5 8. Bd3
Bxd3 9. Qxd3 Nbd7 10. h3 c6 11. Rd1 Qa5 12. O-O g5 13. Bg3 Nh5 14. Bh2 f5 15.
b4 Qxb4 16. Rb1 Qa3 17. Rxb7 Rad8 18. Rfb1 Qa6 19. Qe2 Nhf6 20. c5 Qxe2 21.
Nxe2 dxc5 22. dxc5 Ne4 23. Ned4 Nexc5 24. Rxa7 Rc8 25. Rc1 f4 26. Nxc6 Rxc6 27.
Rxd7 Nxd7 28. Rxc6 Rb8 29. Rc1 e5 30. e4 Rb2 31. Ne1 Rxa2 32. f3 Bf8 33. Kf1
Nc5 34. Rb1 Ra3 35. Bg1 Nb3 36. Rb2 Nc5 1/2-1/2